IQ Quiz 🧩 - Statistics

General Stats
  • This quiz has been taken 827 times
  • The average score is 8 of 10
Answer Stats
Hint Answer % Correct
How many sides does an decagon have? 10
99%
What is 50% of 200? 100
97%
How many faces are there on a standard die? 6
92%
What percentage of 10 is 7.5? 75
89%
What is 20% of 55? 11
86%
What is the perimeter of a rectangle which has sides of 5 units and 7 units? 24
82%
What is the square root of 729? 27
73%
How many miles are there in a marathon? 26
72%
What number is represented by D in Roman numerals? 500
72%
How many yards are in a furlong? 220
22%
No matching quizzes found
Score Distribution
Percent of People with Each Score
Percentile by Number Answered
Your Score History
You have not taken this quiz